Импульсный СО2-лазер с энергией 500 дж; Письма в Журнал технической физики; Т. 1, вып. 10

書誌詳細
Parent link:Письма в Журнал технической физики/ Российская академия наук (РАН), Физико-технический институт им. А. Ф. Иоффе (ФТИ) ; Отделение общей физики и астрономии РАН.— , 1975-
Т. 1, вып. 10.— 1975.— С. 492-496
その他の著者: Бугаев С. П. Сергей Петрович, Бычков Ю. И., Карлова Е. К., Карлов Н. В. Николай Васильевич, Ковальчук Б. М. Борис Михайлович, Кузьмин Г. П. Геннадий Петрович, Курбатов Ю. А., Месяц Г. А. Геннадий Андреевич, Орловский В. М., Прохоров А. М. Александр Михайлович, Рыбалов А. М.
言語:ロシア語
出版事項: 1975
主題:
フォーマット: MixedMaterials 図書の章
KOHA link:https://koha.lib.tpu.ru/cgi-bin/koha/opac-detail.pl?biblionumber=450760

MARC

LEADER 00000naa2a2200000 4500
001 450760
005 20231102015000.0
035 |a (RuTPU)RU\TPU\prd\112952 
090 |a 450760 
100 |a 20110615a1975 k y0rusy50 ca 
101 0 |a rus 
102 |a RU 
200 1 |a Импульсный СО2-лазер с энергией 500 дж  |f С. П. Бугаев [и др.] 
320 |a Библиогр.: с. 495-496 (7 назв.) 
461 0 |0 (RuTPU)RU\TPU\prd\486  |t Письма в Журнал технической физики  |f Российская академия наук (РАН), Физико-технический институт им. А. Ф. Иоффе (ФТИ) ; Отделение общей физики и астрономии РАН  |d 1975- 
463 0 |0 (RuTPU)RU\TPU\prd\101915  |t Т. 1, вып. 10  |v С. 492-496  |d 1975 
610 1 |a труды учёных ТПУ 
701 1 |a Бугаев  |b С. П.  |c российский ученый  |c член-корреспондент РАН  |f 1936-  |g Сергей Петрович  |2 stltpush  |3 (RuTPU)RU\TPU\pers\27738  |4 070 
701 1 |a Бычков  |b Ю. И. 
701 1 |a Карлова  |b Е. К. 
701 1 |a Карлов  |b Н. В.  |c российский физик, член-корреспондент РАН  |c ректор МФТИ (1987-2000 гг.)  |f 1929-  |g Николай Васильевич  |2 stltpush  |3 (RuTPU)RU\TPU\pers\17156  |4 070  |9 6295 
701 1 |a Ковальчук  |b Б. М.  |c российский электрофизик  |c профессор-консультант Томского политехнического университета  |c зав. лаб. Института сильноточной электроники Томского политехнического университета  |c выпускник ЭЭФ Томского политехнического института 1962 г., академик РАН  |f 1939-  |g Борис Михайлович  |2 stltpush  |3 (RuTPU)RU\TPU\pers\27417  |4 070 
701 1 |a Кузьмин  |b Г. П.  |c российский физик, профессор РАН  |f 1942-  |g Геннадий Петрович  |2 stltpush  |3 (RuTPU)RU\TPU\pers\17158  |4 070  |9 6297 
701 1 |a Курбатов  |b Ю. А. 
701 1 |a Месяц  |b Г. А.  |c российский физик  |c академик, вице-президент РАН  |c выпускник Томского политехнического института  |f 1936-  |g Геннадий Андреевич  |2 stltpush  |3 (RuTPU)RU\TPU\pers\17099  |4 070 
701 1 |a Орловский  |b В. М. 
701 1 |a Прохоров  |b А. М.  |c российский физик  |c академик РАН  |f 1916-2001  |g Александр Михайлович  |2 stltpush  |3 (RuTPU)RU\TPU\pers\4396  |4 070  |9 994 
701 1 |a Рыбалов  |b А. М. 
801 1 |a RU  |b 63413507  |c 20110615 
801 2 |a RU  |b 63413507  |c 20110616  |g RCR 
942 |c BK